Score 0/28 Timer 04:00
2 Plays Today
% Correct
Clark Kent
97.9%
Soccer
97.5%
Dr. Jekyll
96.4%
Civil War
96%
Attorney
95.8%
Drunk Driving
95.4%
Eminem
94.2%
P Diddy
93%
Track and Field
92.9%
Aspirin
90.7%
Istanbul
90.5%
Côte d’Ivoire
89.6%
Samuel Clemens
88.7%
Myanmar
85.4%
% Correct
ACA
84.6%
Sméagol
81.9%
Eggplant
79.6%
Islas Malvinas
76%
Sodium Hydroxide
75.7%
Timpani
73.8%
W
73.4%
Javier Hernández
62.9%
Syrah
62.6%
Magic
58.7%
Daesh
58.3%
Song of Solomon
53.1%
Eldrick
51%
Navajo
33.9%
Remove Ads.
Support Sporcle.
Get the best of Sporcle when you Go Orange. This ad-free experience offers more features, more stats, and more fun while also helping to support Sporcle. Thank you for becoming a member.

You're not logged in!

Compare scores with friends on all Sporcle quizzes.
OR
Log In

Show Comments

Extras

Top Quizzes Today


Score Distribution

Your Account Isn't Verified!

In order to create a playlist on Sporcle, you need to verify the email address you used during registration. Go to your Sporcle Settings to finish the process.

Report this User

Report this user for behavior that violates our Community Guidelines.

Details: